00297nam a2200109 a 4500008004100000050001400041100002000055245004000075260004100115300002200156350000900178120416s1977 ||||||||||||||||| || u aHA 29 Bri aBrite, Robert L10aIntroduction to business statistics aReading, Mass.bAddison-Wesleyc1977 axii, 365p. : ill. a0.00